Part L 2010 explained (Record no. 82644)

MARC details
000 -LEADER
fixed length control field 00533cab a22001935a 4500
001 - CONTROL NUMBER
control field L150796
008 - FIXED-LENGTH DATA ELEMENTS--GENERAL INFORMATION
fixed length control field 100906s2010 xxk f s 000 0 eng d
035 ## - SYSTEM CONTROL NUMBER
System control number (Sirsi) u150796
041 0# - LANGUAGE CODE
Language code of text/sound track or separate title eng
100 1# - MAIN ENTRY--PERSONAL NAME
Personal name Blunden, Kevin
245 00 - TITLE STATEMENT
Title Part L 2010 explained
260 ## - PUBLICATION, DISTRIBUTION, ETC.
Date of publication, distribution, etc. 2010
490 #0 - SERIES STATEMENT
Series statement Building Engineer
Volume/sequential designation 85(9) September 2010, 26(1)
520 ## - SUMMARY, ETC.
Summary, etc. Overview of Part L of the Building Regulations; major changes.
590 ## - LOCAL NOTE (RLIN)
Local note KA
651 #4 - SUBJECT ADDED ENTRY--GEOGRAPHIC NAME
Geographic name England and Wales
Chronological subdivision 1543-
690 ## - LOCAL SUBJECT ADDED ENTRY--TOPICAL TERM (OCLC, RLIN)
Topical term or geographic name as entry element Building regulations
9 (RLIN) 6224
942 ## - ADDED ENTRY ELEMENTS (KOHA)
Suppress in OPAC 0
Holdings
Withdrawn status Lost status Source of classification or shelving scheme Damaged status Not for loan Home library Current library Shelving location Date acquired Total Checkouts Full call number Barcode Date last seen Copy number Price effective from Koha item type
    Dewey Decimal Classification     London London Journal article 06/09/2010   L150796 150796-1001 06/08/2019 1 06/08/2019 Journal article